[Event "Elite Hotels Open 2015"]
[Site "Elite Stadshotellet, Vaxjo"]
[Date "2015.02.13"]
[Round "3.29"]
[White "Tuomainen, Felix"]
[Black "Drugge, Patrik"]
[Result "0-1"]
[WhiteElo "1929"]
[BlackElo "2207"]

1.d4 d5 2.Nf3 c6 3.c4 e6 4.Nbd2 f5 5.g3 Nf6 6.Bg2 Bd6 7.O-O Nbd7 8.b3 O-O 
9.Bb2 Qe8 10.Ne5 Bxe5 11.dxe5 Ng4 12.Nf3 f4 13.Qd3 Rf5 14.h3 Ngxe5 15.Nxe5
Nxe5 16.Bxe5 Rxe5 17.gxf4 Rf5 18.Qg3 Qf7 19.e3 Bd7 20.Kh2 Re8 21.cxd5 exd5
22.Rg1 Re6 23.Bf3 Rh6 24.Bg4 Rff6 25.Bxd7 Qxd7 26.Qg4 Qxg4 27.Rxg4 Rd6 28.
Rd1 Rhe6 29.Kg3 c5 30.Rg5 Rg6 31.Rxg6 Rxg6+ 32.Kf3 Rd6 33.f5 Kf7 34.Kf4 
Kf6 35.e4 Ra6 36.exd5 Ke7 37.Rd2 Rh6 38.Rd3 Kd6 39.Ke4 Rf6 40.Rg3 Rf7 41.
Rd3 Re7+ 42.Kf4 b5 43.h4 c4 44.bxc4 bxc4 45.Rd2 a5 46.h5 h6 47.Rd4 Rc7 48.
Ke4 a4 49.Rd2 Rc5 50.Rc2 c3 51.Kd4 Rxd5+ 52.Kc4 Rxf5 53.Kb4 Rxh5 54.Rxc3 
Rh4+ 55.Kb5 Rf4 56.Rg3 g5 57.Rh3 Rh4 58.Rf3 h5 59.Rf5 g4 60.Rf4 Ke5 61.Rf8
Rh3 62.Kxa4 h4 63.Kb5 Rf3 64.Rh8 h3 65.a4 Rxf2 66.a5 h2 67.a6 g3 68.a7 Ra2
69.Kb6 g2 70.Kb7 Rxa7+ 0-1

[Event "Elite Hotels Open 2015"]
[Site "Elite Stadshotellet, Vaxjo"]
[Date "2015.02.13"]
[Round "3.30"]
[White "Fransson, Patrick"]
[Black "Andersson, Thorbjorn"]
[Result "1-0"]
[WhiteElo "2130"]
[BlackElo "1903"]

1.d4 Nf6 2.Bg5 e6 3.e3 d5 4.Nd2 b6 5.c3 Be7 6.Bd3 h6 7.Bh4 O-O 8.Ne2 c5 9.
O-O Nbd7 10.f4 Bb7 11.Ng3 Ne8 12.Bxe7 Qxe7 13.Qf3 f5 14.Kh1 Ndf6 15.Nh5 
Qf7 16.Nxf6+ Nxf6 17.Qe2 Kh8 18.Nf3 Nd7 19.Rg1 Rg8 20.g4 g6 21.Rg3 Rg7 22.
Rag1 Rag8 23.Qg2 c4 24.Bc2 b5 25.Rh3 Rh7 26.Rg3 Rhg7 27.Qh3 Rh7 28.gxf5 
exf5 29.Bxf5 Nf8 30.Ne5 Qf6 31.Bxg6 Nxg6 32.Nxg6+ Rxg6 33.Rxg6 1-0

[Event "Elite Hotels Open 2015"]
[Site "Elite Stadshotellet, Vaxjo"]
[Date "2015.02.13"]
[Round "4.1"]
[White "Sjodahl, Pontus"]
[Black "Solodovnichenko, Yuri"]
[Result "1-0"]
[WhiteElo "2428"]
[BlackElo "2577"]

1.d4 d5 2.c4 e6 3.Nc3 c6 4.e3 Nf6 5.Nf3 Nbd7 6.b3 Bb4 7.Bd2 Qe7 8.Be2 O-O 
9.O-O b6 10.cxd5 cxd5 11.Nb5 Bxd2 12.Qxd2 Ne4 13.Qb2 Ba6 14.Rac1 Bxb5 15.
Bxb5 a6 16.Bxd7 Qxd7 17.Ne5 Qb7 18.f3 Nf6 19.Rc3 Nd7 20.Nd3 Rfc8 21.Rfc1 
f6 22.R1c2 Rxc3 23.Qxc3 Kf7 24.h4 a5 25.a4 Re8 26.Kf2 g6 27.Nf4 Re7 28.Qc8
Nf8 29.Ke2 h6 30.Kd2 g5 31.hxg5 hxg5 32.Nd3 Ng6 33.g3 Qxc8 34.Rxc8 Rb7 35.
e4 Ne7 36.Rc1 dxe4 37.fxe4 Rd7 38.Ke3 Kg6 39.Rc4 Kh5 40.Nf2 f5 41.Rc1 Kg6 
42.Nd3 Kf6 43.Ne5 Rb7 44.Rh1 fxe4 45.Rh6+ Kg7 46.Rxe6 Nf5+ 47.Kxe4 Nxg3+ 
48.Kf3 Nf5 49.Ke4 Ng3+ 50.Kd3 Kf8 51.Rg6 Nf5 52.Rxg5 Ne7 53.Ng6+ Nxg6 54.
Rxg6 b5 55.Ra6 Rh7 56.axb5 Rh3+ 57.Kc4 Ke7 58.Rxa5 Kd6 59.Ra6+ Kc7 60.Rc6+
Kb7 61.Rf6 Rh5 62.d5 Rh3 63.b4 Rh8 64.Kc5 Rh7 65.b6 Rg7 66.Rc6 Rg5 67.Rc7+
Kb8 68.Kc6 Rg4 69.Kb5 Rg5 70.Rd7 Rg3 71.Re7 Rg6 72.Re6 Rg4 73.Ka6 Rg8 74.
b7 Rd8 75.Rc6 1-0

[Event "Elite Hotels Open 2015"]
[Site "Elite Stadshotellet, Vaxjo"]
[Date "2015.02.13"]
[Round "4.2"]
[White "Hillarp Persson, Tiger"]
[Black "Bellon Lopez, Juan Manuel"]
[Result "1/2-1/2"]
[WhiteElo "2552"]
[BlackElo "2368"]

1.b3 c5 2.e3 Nf6 3.Bb2 g6 4.Bxf6 exf6 5.c4 f5 6.Nc3 Bg7 7.g3 Nc6 8.Bg2 Nb4
9.Qb1 d5 10.cxd5 Bxc3 11.dxc3 Nxd5 12.Ne2 O-O 13.O-O Nf6 14.c4 Be6 15.Bxb7
Rb8 16.Bg2 Bxc4 17.Rd1 Qe7 18.Nf4 Ba6 19.Qc1 Bb7 20.Bxb7 Rxb7 21.Nd5 Nxd5 
22.Rxd5 Rc8 23.Qc3 Rd7 24.Rad1 Rxd5 25.Rxd5 Qe4 26.Qd3 c4 27.Qxe4 fxe4 28.
bxc4 Rxc4 29.Ra5 Rc7 30.g4 h6 31.h4 Kg7 32.g5 hxg5 33.hxg5 Rc6 34.Kg2 a6 
35.Kg3 Rb6 36.Re5 Rb2 37.a4 Rb4 38.a5 Ra4 39.Kf4 Ra2 40.Kg3 Ra4 41.Rc5 Ra2
42.Re5 Kf8 43.Kf4 Rxf2+ 44.Kxe4 Kg7 45.Kd5 Rc2 46.Kd6 Rc3 47.e4 Rc4 48.Kd5
Rc1 49.Re7 Ra1 50.e5 Rxa5+ 51.Kd6 Kf8 52.Ra7 Ra1 53.Ra8+ Kg7 54.Ra7 Rd1+ 
55.Ke7 Re1 56.Kd6 Rd1+ 57.Ke7 Rd5 1/2-1/2

[Event "Elite Hotels Open 2015"]
[Site "Elite Stadshotellet, Vaxjo"]
[Date "2015.02.13"]
[Round "4.3"]
[White "Schneider, Stefan"]
[Black "Berg, Emanuel"]
[Result "0-1"]
[WhiteElo "2387"]
[BlackElo "2543"]

1.d4 Nf6 2.c4 g6 3.Nc3 Bg7 4.e4 d6 5.Be2 O-O 6.Bg5 h6 7.Be3 c5 8.d5 e6 9.
Nf3 exd5 10.cxd5 Re8 11.Nd2 a6 12.a4 Nbd7 13.O-O Ne5 14.h3 g5 15.f4 gxf4 
16.Bxf4 Ng6 17.Bh2 Nd7 18.Nc4 Bd4+ 19.Kh1 Nde5 20.Qd2 Kg7 21.b4 Nxc4 22.
Bxc4 Qg5 23.Qd3 Ne5 24.Bxe5+ Qxe5 25.Rac1 cxb4 26.Ne2 Bc5 27.Ng3 Bd7 28.a5
Re7 29.Qf3 Qg5 30.Nh5+ Kh8 31.e5 Rxe5 32.Qxf7 Rg8 33.Qf6+ Qxf6 34.Nxf6 Rg7
35.Bd3 Bb5 36.Bxb5 axb5 37.Ng4 Reg5 38.Rce1 h5 39.Nf6 Re5 40.Rxe5 dxe5 41.
Rf5 Rf7 0-1

[Event "Elite Hotels Open 2015"]
[Site "Elite Stadshotellet, Vaxjo"]
[Date "2015.02.13"]
[Round "4.4"]
[White "Blomqvist, Erik"]
[Black "Dragicevic, Drazen"]
[Result "1-0"]
[WhiteElo "2521"]
[BlackElo "2248"]

1.e4 g6 2.d4 Bg7 3.Nc3 d5 4.exd5 Nf6 5.Bb5+ Nbd7 6.Nf3 O-O 7.O-O Nb6 8.Re1
Nfxd5 9.Ne4 c6 10.Bf1 Bg4 11.c3 Qc7 12.h3 Bf5 13.Ng3 Rad8 14.Nxf5 gxf5 15.
Qc2 e6 16.Bg5 Rc8 17.c4 Nf4 18.Rad1 h6 19.Bh4 Ng6 20.Bg3 f4 21.Bh2 c5 22.
b3 cxd4 23.Nxd4 Ne7 24.Qe4 e5 25.Nb5 Qc5 26.Qxb7 Nc6 27.a3 Rb8 28.Qc7 Rfc8
29.Qd6 Qxd6 30.Nxd6 Rd8 31.c5 Na8 32.Bc4 Rd7 33.b4 Nd4 34.Rxd4 exd4 35.
Bxf4 Rbd8 36.Bb5 Rc7 37.Nf5 Rb7 38.Bc6 Rbb8 39.Bxb8 Rxb8 40.Re7 Rd8 41.
Bxa8 Rxa8 42.Rd7 Bf8 43.Nxd4 a5 44.Rb7 Rd8 45.Nf5 Rd1+ 46.Kh2 Rd3 47.c6 
Rxa3 48.b5 Rc3 49.c7 a4 50.b6 a3 51.Ra7 Kh7 52.b7 Rxc7 53.b8=Q 1-0

[Event "Elite Hotels Open 2015"]
[Site "Elite Stadshotellet, Vaxjo"]
[Date "2015.02.13"]
[Round "4.5"]
[White "Hedman, Erik"]
[Black "Westerberg, Jonathan"]
[Result "1-0"]
[WhiteElo "2376"]
[BlackElo "2430"]

1.d4 d5 2.c4 dxc4 3.e3 b5 4.a4 b4 5.Bxc4 Nf6 6.Nf3 e6 7.O-O Be7 8.Ne5 Bb7 
9.a5 a6 10.Qa4+ c6 11.Bd2 Nd5 12.Bxd5 Qxd5 13.Bxb4 Bxb4 14.Qxb4 c5 15.Qa4+
Ke7 16.Nf3 Nd7 17.Nbd2 Rab8 18.dxc5 Nxc5 19.Qa3 Rhc8 20.Rac1 Ba8 21.e4 Qh5
22.Rc3 Kd8 23.Rfc1 Nd7 24.Nc4 Bxe4 25.Nb6 Rxc3 26.Rxc3 Qb5 27.Qd6 Rxb6 28.
axb6 Qxb6 29.Qxb6+ Nxb6 30.Nd2 Bd5 31.Ra3 Nc4 32.Nxc4 Bxc4 33.Rh3 h6 34.
Rg3 g6 35.Rc3 Bb5 36.f4 Kd7 37.Kf2 Kd6 38.Ke3 e5 39.Rc8 Ke6 40.g4 exf4+ 
41.Kxf4 Kf6 42.Rh8 g5+ 43.Ke3 Kg7 44.Rb8 Kg6 45.Rb6+ Kg7 46.b4 Bf1 47.Ke4 
Be2 48.Ke3 Bf1 49.Rd6 f6 50.Ke4 Kg6 51.Kd5 Be2 52.Rb6 Bxg4 53.Rxa6 Bf3+ 
54.Kd4 g4 55.Ke3 Kg5 56.b5 f5 57.b6 Kh4 58.Kf2 f4 59.Ra7 Kh3 60.b7 Bxb7 
61.Rxb7 h5 62.Kg1 f3 63.Rb3 Kh4 64.Rb5 g3 65.hxg3+ Kxg3 66.Rxh5 1-0

[Event "Elite Hotels Open 2015"]
[Site "Elite Stadshotellet, Vaxjo"]
[Date "2015.02.13"]
[Round "4.6"]
[White "Bakr, Jwan"]
[Black "Smith, Axel"]
[Result "0-1"]
[WhiteElo "2343"]
[BlackElo "2488"]

1.d4 e6 2.c4 Bb4+ 3.Nd2 Nf6 4.Nf3 O-O 5.g3 b6 6.Bg2 Bb7 7.O-O Re8 8.a3 Bf8
9.b3 c5 10.dxc5 bxc5 11.Bb2 Nc6 12.Qc2 d5 13.e3 Qe7 14.cxd5 exd5 15.Rac1 
Rad8 16.Rfe1 h6 17.Qb1 Qe6 18.Qa1 Ne4 19.Red1 f5 20.Nxe4 fxe4 21.Nd2 Rd7 
22.Bf1 Rf7 23.Be2 Bd6 24.b4 cxb4 25.axb4 Ref8 26.Rf1 Nxb4 27.Ba3 a5 28.Nb3
Be5 29.Qb1 d4 30.Bc4 Bd5 31.Bxd5 Qxd5 32.Rc5 Qe6 33.Qxe4 Qxb3 34.Bxb4 axb4
35.Rxe5 dxe3 36.Qxe3 Qxe3 37.Rxe3 Rf3 38.Rxf3 Rxf3 39.Rb1 b3 40.Kf1 Kf7 
41.Ke2 Rc3 42.Rb2 g5 43.Kd2 Rf3 44.Ke2 g4 45.h3 h5 46.hxg4 hxg4 47.Rd2 Ke6
48.Rd4 Kf5 49.Rd5+ Kf6 50.Rd4 Kg5 51.Rb4 Rc3 52.Rb5+ Kf6 53.Kd2 Rc2+ 54.
Ke3 b2 55.Rb4 0-1

[Event "Elite Hotels Open 2015"]
[Site "Elite Stadshotellet, Vaxjo"]
[Date "2015.02.13"]
[Round "4.7"]
[White "Meier, Georg"]
[Black "Henriksson, Johan"]
[Result "1-0"]
[WhiteElo "2641"]
[BlackElo "2241"]

1.Nf3 d5 2.g3 Nf6 3.Bg2 c6 4.O-O Bf5 5.c4 e6 6.cxd5 exd5 7.d3 Be7 8.Nc3 
O-O 9.Qb3 Qb6 10.Qc2 h6 11.e4 dxe4 12.dxe4 Bh7 13.Be3 Qc7 14.Nd4 Na6 15.a3
Rfe8 16.Rad1 Bf8 17.Bf4 Bd6 18.Ndb5 cxb5 19.Bxd6 Qb6 20.Qe2 b4 21.axb4 
Nxb4 22.e5 a5 23.Qb5 Qxb5 24.Nxb5 Ne4 25.Nc7 Nxd6 26.Rxd6 1-0

[Event "Elite Hotels Open 2015"]
[Site "Elite Stadshotellet, Vaxjo"]
[Date "2015.02.13"]
[Round "4.8"]
[White "Lekander, Rolf"]
[Black "Johansson, Linus"]
[Result "0-1"]
[WhiteElo "2231"]
[BlackElo "2394"]

1.c4 e5 2.g3 Nf6 3.Bg2 d5 4.cxd5 Nxd5 5.Nc3 Nb6 6.d3 Be7 7.Be3 O-O 8.Nf3 
Nc6 9.O-O Be6 10.Qd2 f6 11.Rfc1 Qd7 12.Ne4 Nd5 13.Bc5 b6 14.Bxe7 Ncxe7 15.
d4 exd4 16.Nxd4 Bf7 17.Nc3 Rad8 18.Nxd5 Bxd5 19.Bxd5+ Qxd5 20.Rxc7 Qe5 21.
Qf4 Nd5 22.Qxe5 fxe5 23.Rxa7 exd4 24.Rd1 Nb4 25.a3 Nc6 26.Rb7 Rb8 27.Rc7 
Rfc8 28.Rd7 Rd8 29.Rc7 Ne5 30.Re7 Nc6 31.Rc7 Rdc8 32.Rd7 Kf8 33.Rc1 Rd8 
34.Rc7 Ne5 35.Rd1 Rd6 36.h3 Rbd8 37.Kg2 R8d7 38.Rc8+ Kf7 39.f4 Nc6 40.Kf2 
Ne7 41.Rcc1 Nf5 42.g4 Ne7 43.Rd3 Ke6 44.Rcd1 Nc6 45.Kf3 Na5 46.Ke4 Nc6 47.
h4 Re7 48.Kf3 Kd5 49.e3 Re4 50.exd4 Rf6 0-1

[Event "Elite Hotels Open 2015"]
[Site "Elite Stadshotellet, Vaxjo"]
[Date "2015.02.13"]
[Round "4.9"]
[White "Olofsson-Dolk, Mattis"]
[Black "Lindberg, Bengt"]
[Result "1/2-1/2"]
[WhiteElo "2228"]
[BlackElo "2385"]

1.e4 c5 2.Nf3 e6 3.d4 cxd4 4.Nxd4 Nc6 5.Nc3 Qc7 6.Be3 a6 7.Bd3 Nf6 8.O-O 
Nxd4 9.Bxd4 Bc5 10.Bxc5 Qxc5 11.Qe1 d6 12.Kh1 Bd7 13.f3 O-O 14.Rd1 b5 15.
Nb1 Rac8 16.c3 e5 17.Nd2 Be6 18.Nb3 Qc7 19.Qh4 Nd7 20.Bc2 h6 21.Rd2 Nb6 
22.Bd3 Rfd8 23.Rfd1 Rd7 24.f4 exf4 25.Qxf4 d5 26.Qxc7 Rcxc7 27.Nd4 Bg4 28.
Re1 Re7 29.h3 dxe4 30.Rxe4 Rxe4 31.Bxe4 Bd7 32.Bd3 Kf8 33.Re2 Rc5 34.Nf3 
Be6 35.a3 Rd5 36.Bc2 Nc4 37.Bb3 Rd6 38.Nd4 Bd7 39.a4 Na5 40.axb5 Nxb3 41.
Nxb3 Bxb5 42.Rd2 Rf6 43.Nc5 Ke7 44.b4 Rd6 45.Rc2 Bc4 46.Kg1 f5 47.Kf2 g5 
48.Ke3 Kf6 49.Rd2 f4+ 50.Kf3 Rxd2 51.Ne4+ Ke5 52.Nxd2 Bd5+ 53.Kf2 h5 54.
Nf3+ Kf5 55.Nd2 g4 56.hxg4+ hxg4 57.g3 Be6 58.c4 Bd7 59.Nb3 Ke5 60.Nc5 
fxg3+ 61.Kxg3 Bc8 62.Nxa6 1/2-1/2

[Event "Elite Hotels Open 2015"]
[Site "Elite Stadshotellet, Vaxjo"]
[Date "2015.02.13"]
[Round "4.10"]
[White "Johansson, Carl Fredrik"]
[Black "Kockum, Anton Frisk"]
[Result "1/2-1/2"]
[WhiteElo "2160"]
[BlackElo "2375"]

1.d4 e6 2.c4 Nf6 3.Nc3 Bb4 4.f3 c5 5.d5 exd5 6.cxd5 d6 7.Bg5 Nbd7 8.e4 O-O
9.Nh3 h6 10.Bf4 Qe7 11.Be2 Ne5 12.Nf2 Bd7 13.O-O Rae8 14.h3 Nh5 15.Bh2 Qh4
16.Ng4 f5 17.exf5 Ng3 18.Bxg3 Qxg3 19.Ne4 Qh4 20.Nxd6 Nxg4 21.fxg4 Re3 22.
Nc4 Rxh3 23.gxh3 Qg3+ 1/2-1/2

[Event "Elite Hotels Open 2015"]
[Site "Elite Stadshotellet, Vaxjo"]
[Date "2015.02.13"]
[Round "4.11"]
[White "Ernst, Thomas"]
[Black "Ask, Josef"]
[Result "1-0"]
[WhiteElo "2369"]
[BlackElo "2174"]

1.e4 e5 2.Nf3 Nc6 3.Bb5 Nge7 4.Nc3 Ng6 5.d4 exd4 6.Nxd4 Bc5 7.Nb3 Bb6 8.
O-O O-O 9.Nd5 Re8 10.Re1 Qh4 11.g3 Bxf2+ 12.Kg2 Qd8 13.Kxf2 Nce5 14.Be2 c6
15.Nc3 d6 16.Kg2 Qd7 17.Kh1 b5 18.a3 Bb7 19.Kg1 a6 20.Bf1 f5 21.Bg2 Nc4 
22.Nd2 Nce5 23.exf5 Qxf5 24.Nde4 Rad8 25.Rf1 Qe6 26.Ng5 Qe7 27.Nf3 Ng4 28.
Bg5 Nf6 29.Nd4 d5 30.Nf5 Qe5 31.Bxf6 gxf6 32.Qd2 d4 33.Ne4 Re6 34.Rae1 
Rde8 35.Qh6 1-0

[Event "Elite Hotels Open 2015"]
[Site "Elite Stadshotellet, Vaxjo"]
[Date "2015.02.13"]
[Round "4.12"]
[White "Johansson, Roland"]
[Black "Livner, Anders"]
[Result "1/2-1/2"]
[WhiteElo "1963"]
[BlackElo "2343"]

1.e4 c6 2.d4 d5 3.exd5 cxd5 4.c4 Nf6 5.Nc3 e6 6.Nf3 Bb4 7.a3 Bxc3+ 8.bxc3 
O-O 9.Bd3 dxc4 10.Bxc4 b6 11.O-O Bb7 12.Re1 Nbd7 13.Bf4 Rc8 14.Qd3 Nd5 15.
Bd2 h6 16.Rac1 Qf6 17.Ba2 Rfd8 18.Bb1 Nf8 19.Ne5 Nf4 20.Bxf4 Qxf4 21.Re3 
Rc7 22.Rce1 Rdc8 23.Rg3 Rxc3 24.Qxc3 Rxc3 25.Rxc3 Qxd4 26.Rc7 Qd5 27.f3 f6
28.Ng4 Ba6 29.Rxa7 Bd3 30.Bxd3 Qxd3 31.Nf2 Qd4 32.Rc1 Kh7 33.g3 e5 34.Rcc7
Ne6 35.Re7 Qc4 36.h4 h5 37.Ne4 b5 38.Nxf6+ Kg6 39.Ne8 e4 40.fxe4 Qxe4 41.
Nxg7 Qe1+ 42.Kg2 Qe2+ 43.Kg1 Qd1+ 44.Kg2 Qe2+ 45.Kg1 Qd2 46.Ra6 1/2-1/2

[Event "Elite Hotels Open 2015"]
[Site "Elite Stadshotellet, Vaxjo"]
[Date "2015.02.13"]
[Round "4.13"]
[White "Horbing, Stefan"]
[Black "Lindgren, Philip"]
[Result "0-1"]
[WhiteElo "2080"]
[BlackElo "2340"]

1.e4 c5 2.Nf3 d6 3.d4 cxd4 4.Nxd4 Nf6 5.Nc3 a6 6.Be3 e5 7.Nb3 Be6 8.f3 h5 
9.Qd2 Nbd7 10.O-O-O Rc8 11.g3 Be7 12.Kb1 Qc7 13.f4 b5 14.Bg2 Nb6 15.Bxb6 
Qxb6 16.Rhf1 Bc4 17.Rfe1 O-O 18.Nd5 Nxd5 19.exd5 Bf6 20.Na5 b4 21.fxe5 
Qxa5 0-1

[Event "Elite Hotels Open 2015"]
[Site "Elite Stadshotellet, Vaxjo"]
[Date "2015.02.13"]
[Round "4.14"]
[White "Lissang, Christopher"]
[Black "Reid, Gregor J M"]
[Result "1-0"]
[WhiteElo "2280"]
[BlackElo "2133"]

1.d4 Nf6 2.c4 g6 3.Nc3 Bg7 4.Nf3 O-O 5.Bg5 c5 6.d5 d6 7.e3 b5 8.cxb5 a6 9.
a4 Qa5 10.Nd2 Qb4 11.Ra3 axb5 12.Bxb5 Ba6 13.Rb3 Qa5 14.Nc4 Qc7 15.O-O 
Nbd7 16.Qc2 Rfb8 17.e4 Nb6 18.Bxa6 Rxa6 19.Rxb6 Raxb6 20.Nxb6 Qxb6 21.Nb5 
Qa6 22.b3 h6 23.Bd2 Rc8 24.Rc1 h5 25.h3 Rb8 26.Bc3 Qb7 27.Ba1 Re8 28.Rd1 
Qd7 29.e5 dxe5 30.Bxe5 Rd8 31.d6 exd6 32.Rxd6 Qe7 33.Rxd8+ Qxd8 34.Nd6 Qa5
35.Bc3 Qd8 36.Be5 Qa5 37.Qc3 Qd8 38.Qf3 Qe7 39.Nc4 Kh7 40.a5 Nd7 41.Bxg7 
Kxg7 42.Qc3+ Kh7 43.a6 Nf6 44.Qe5 Qd8 45.Qd6 Qh8 46.a7 Ne4 47.Qe5 Qa8 48.
Qb8 Qd5 49.a8=Q Qd1+ 50.Kh2 Nxf2 51.Qh8# 1-0

[Event "Elite Hotels Open 2015"]
[Site "Elite Stadshotellet, Vaxjo"]
[Date "2015.02.13"]
[Round "4.15"]
[White "Svensson, Bo Anders"]
[Black "Hansson, Fredrik"]
[Result "0-1"]
[WhiteElo "2242"]
[BlackElo "2029"]

1.c4 c5 2.g3 Nc6 3.Bg2 g6 4.Nc3 Bg7 5.a3 Nf6 6.Rb1 a5 7.Nf3 O-O 8.O-O d5 
9.cxd5 Nxd5 10.Nxd5 Qxd5 11.d3 Qd6 12.Nd2 Nd4 13.Ne4 Qb6 14.e3 Nb3 15.Bd2 
Rd8 16.Bc3 e5 17.Qc2 a4 18.Rfd1 Bg4 19.f3 Bf5 20.g4 Be6 21.Qf2 Rd7 22.Bf1 
Qc6 23.Be2 b5 24.f4 Bd5 25.fxe5 Bxe4 26.dxe4 Re7 27.Rd5 Rb8 28.Rbd1 b4 29.
Rd8+ Re8 30.Rxb8 Rxb8 31.axb4 cxb4 32.Bd4 a3 33.bxa3 bxa3 34.Rf1 Qe6 35.
Bf3 Bxe5 36.Bxe5 Qxe5 37.Qa2 Qb2 38.Qb1 Nd2 39.Qd1 Nxf1 40.Qxf1 0-1

[Event "Elite Hotels Open 2015"]
[Site "Elite Stadshotellet, Vaxjo"]
[Date "2015.02.13"]
[Round "4.17"]
[White "Mattsson, Michael"]
[Black "Brynell, Stellan"]
[Result "0-1"]
[WhiteElo "2076"]
[BlackElo "2452"]

1.e4 e6 2.d4 d5 3.Nd2 c5 4.Ngf3 a6 5.dxc5 Bxc5 6.Nb3 Bb6 7.exd5 exd5 8.Bd3
Nf6 9.O-O O-O 10.Bg5 Nc6 11.Qd2 Qd6 12.Bf4 Qd8 13.c3 Bg4 14.Nfd4 Bh5 15.
Bg5 Bg6 16.Bxg6 hxg6 17.Qf4 Bc7 18.Qh4 Qd6 19.Bxf6 gxf6 20.f4 Qd7 21.Nxc6 
bxc6 22.Qxf6 Rfe8 23.Rf3 Bd8 24.Qd4 Qf5 25.Qd3 Qxd3 26.Rxd3 Re2 27.Rd2 
Bb6+ 28.Kf1 Rxd2 29.Nxd2 Be3 30.Nb3 Bxf4 31.g3 Bd6 32.Re1 Kg7 33.Na5 Rc8 
34.Rd1 Be5 35.Kf2 f5 36.Kf3 Kf6 37.h4 Rc7 38.Rh1 c5 39.Nb3 c4 40.Nc1 Rb7 
41.Rh2 Ke6 42.Re2 Kd6 43.g4 Rh7 44.gxf5 gxf5 45.Rg2 Rxh4 46.Rg6+ Ke7 47.
Ne2 a5 48.Ra6 Rh3+ 49.Kf2 f4 50.Rxa5 Ke6 51.Nd4+ Bxd4+ 52.cxd4 Rd3 53.Ra8 
Kf5 54.a4 Rb3 55.a5 Ke4 56.Re8+ Kxd4 57.a6 Rxb2+ 58.Kf3 Ra2 0-1

[Event "Elite Hotels Open 2015"]
[Site "Elite Stadshotellet, Vaxjo"]
[Date "2015.02.13"]
[Round "4.18"]
[White "Akesson, Ralf"]
[Black "Sevastianov, Andrii"]
[Result "1-0"]
[WhiteElo "2451"]
[BlackElo "2071"]

1.Nf3 Nf6 2.c4 c5 3.Nc3 g6 4.e4 Nc6 5.d4 cxd4 6.Nxd4 d6 7.Be2 Bg7 8.Be3 
O-O 9.O-O Nd7 10.Qd2 Nc5 11.Rfd1 Bd7 12.f3 a5 13.Ndb5 Be6 14.Nd5 Bxd5 15.
exd5 Na7 16.Nd4 Nc8 17.Rab1 a4 18.b4 axb3 19.axb3 Nb6 20.Rdc1 e5 21.dxe6 
Nxe6 22.Nb5 d5 23.Rd1 d4 24.Nxd4 Nxd4 25.Bxd4 Bxd4+ 26.Qxd4 Qxd4+ 27.Rxd4 
Rfe8 28.Bf1 Rad8 29.Rbd1 Rxd4 30.Rxd4 Re3 31.c5 Rxb3 32.cxb6 Rxb6 33.Bc4 
Rf6 34.Rd7 b6 35.Kf2 Kg7 36.Ke3 g5 37.g3 h6 38.Bd5 Kg6 39.Ke4 Kg7 40.Ke5 
g4 41.fxg4 Rf2 42.h4 Re2+ 43.Kd6 Rf2 44.Kc6 Kg6 45.Kxb6 f6 46.h5+ 1-0

[Event "Elite Hotels Open 2015"]
[Site "Elite Stadshotellet, Vaxjo"]
[Date "2015.02.13"]
[Round "4.20"]
[White "Gromark, Per-Olof"]
[Black "Ziegler, Ari"]
[Result "0-1"]
[WhiteElo "2056"]
[BlackElo "2327"]

1.Nf3 d5 2.c4 c6 3.e3 e6 4.Nc3 f5 5.d4 Nf6 6.b3 Bd6 7.Bb2 O-O 8.Bd3 Nbd7 
9.O-O Ne4 10.Ne2 Qf6 11.Qc2 g5 12.Ng3 g4 13.Ne5 Nxe5 14.Nh5 Qh8 15.dxe5 
Bxe5 16.Bxe5 Qxe5 17.f3 Nc5 18.Rae1 Nxd3 19.Qxd3 Bd7 20.e4 fxe4 0-1

[Event "Elite Hotels Open 2015"]
[Site "Elite Stadshotellet, Vaxjo"]
[Date "2015.02.13"]
[Round "4.21"]
[White "Rydstrom, Tom"]
[Black "Nilsson, Mikael"]
[Result "1-0"]
[WhiteElo "2314"]
[BlackElo "2026"]

1.d4 d6 2.e4 Nf6 3.Nc3 e5 4.Nf3 Nbd7 5.Bc4 Be7 6.O-O c6 7.a4 O-O 8.Re1 Qc7
9.Bg5 h6 10.Bh4 Re8 11.Ba2 Nf8 12.Bg3 Ng6 13.h3 Be6 14.Bxe6 fxe6 15.dxe5 
dxe5 16.Nd2 Rad8 17.Qe2 a6 18.a5 Bb4 19.Nb3 Qe7 20.Red1 Bxc3 21.bxc3 Rxd1+
22.Rxd1 Rd8 23.Rb1 Nf4 24.Qc4 N6h5 25.Nc5 Ne2+ 26.Kh2 Nexg3 27.fxg3 Rd2 
28.Rxb7 Qg5 29.Qxe6+ Kh7 30.Qf5+ Qxf5 31.exf5 Rxc2 32.Ne4 Re2 33.Nc5 Rc2 
34.Ne6 Kh8 35.Rb8+ Kh7 36.Nf8+ Kg8 37.Ng6+ Kf7 38.Rf8# 1-0

[Event "Elite Hotels Open 2015"]
[Site "Elite Stadshotellet, Vaxjo"]
[Date "2015.02.13"]
[Round "4.22"]
[White "Jakenberg, Jussi"]
[Black "Vaarala, Eric"]
[Result "0-1"]
[WhiteElo "2019"]
[BlackElo "2304"]

1.e4 c5 2.c3 d5 3.exd5 Qxd5 4.d4 Nc6 5.Nf3 Bg4 6.dxc5 Qxd1+ 7.Kxd1 e5 8.b4
e4 9.h3 Bh5 10.g4 exf3 11.gxh5 Nf6 12.Bb5 Ne4 13.Be3 Be7 14.Kc2 O-O-O 15.
Bxc6 bxc6 16.Nd2 Nxd2 17.Bxd2 Rd5 18.Rad1 Rxh5 19.Bf4 Rf5 20.Bd6 Bh4 21.
Rhe1 Rd8 22.Rd2 h5 23.Re4 Bf6 24.a4 g5 25.Rd3 a6 26.Kb3 Rg8 27.Kc4 g4 28.
hxg4 Rxg4 29.Rxg4 hxg4 30.Bg3 Be5 31.Bxe5 Rxe5 32.Rd6 f5 33.Rxc6+ Kb7 34.
Rg6 Re2 35.b5 axb5+ 36.axb5 Rxf2 37.Rg7+ Kc8 38.Kd5 Rd2+ 39.Kc6 f2 40.b6 
Kd8 41.b7 Rb2 42.Rd7+ Ke8 43.Rd1 g3 44.Rf1 f4 45.Kc7 Rxb7+ 46.Kxb7 g2 47.
Rxf2 g1=Q 48.Rxf4 Qxc5 49.c4 Kd7 50.Rf7+ Kd8 51.Rh7 Qb4+ 52.Kc6 Qxc4+ 53.
Kd6 Qd3+ 0-1

[Event "Elite Hotels Open 2015"]
[Site "Elite Stadshotellet, Vaxjo"]
[Date "2015.02.13"]
[Round "4.24"]
[White "Drugge, Patrik"]
[Black "Karlsson, Robin"]
[Result "1-0"]
[WhiteElo "2207"]
[BlackElo "2012"]

1.e4 c5 2.Nc3 Nc6 3.g3 g6 4.Bg2 Bg7 5.d3 d6 6.f4 e5 7.Nf3 Nge7 8.O-O O-O 
9.Be3 Nd4 10.Qd2 Nec6 11.Rae1 f6 12.h3 Be6 13.a3 Rb8 14.Nd5 b5 15.c3 Nb3 
16.Qc2 Bxd5 17.exd5 Nca5 18.fxe5 dxe5 19.Nd2 c4 20.Bxa7 Rb7 21.Be3 Rd7 22.
dxc4 bxc4 23.Nxc4 Nxc4 24.Qxb3 Nxe3 25.Rxe3 Rff7 26.g4 Rb7 27.Qc2 Qb6 28.
Qf2 Qxb2 29.Qxb2 Rxb2 30.c4 Bf8 31.Rd3 Bc5+ 32.Kh1 Kg7 33.Rc1 Ra7 34.Rcc3 
Rb1+ 35.Kh2 Bd6 36.c5 e4+ 37.cxd6 exd3 38.Rc7+ Rxc7 39.dxc7 Rc1 40.d6 1-0

[Event "Elite Hotels Open 2015"]
[Site "Elite Stadshotellet, Vaxjo"]
[Date "2015.02.13"]
[Round "4.25"]
[White "Svensson, Hakan"]
[Black "Nilsson, Patrik 1978"]
[Result "0-1"]
[WhiteElo "2011"]
[BlackElo "2177"]

1.e4 e6 2.d4 d5 3.Nc3 Nf6 4.e5 Nfd7 5.Nf3 c5 6.dxc5 Nc6 7.Bf4 Bxc5 8.Bd3 
f6 9.exf6 Nxf6 10.Qe2 O-O 11.O-O-O a6 12.Kb1 Bb4 13.Ne5 Bxc3 14.bxc3 Ne4 
15.Bxe4 Rxf4 16.Nxc6 bxc6 17.Bd3 Qf6 18.Qe3 Rb8+ 19.Kc1 Rxf2 20.Rhf1 Rxf1 
21.Rxf1 Qh6 22.Qxh6 gxh6 23.Rf4 e5 24.Ra4 Rb6 25.c4 e4 26.c5 Rb8 27.Bxa6 
e3 28.Bxc8 Rb1+ 29.Kxb1 e2 30.Rg4+ Kf8 31.a4 e1=Q+ 32.Kb2 Qa5 33.Bf5 Qxc5 
34.Bxh7 d4 35.Kb3 Qc3+ 36.Ka2 Qb4 37.Rg8+ Kf7 38.Ra8 c5 39.a5 c4 40.a6 c3 
41.Bg8+ Kf6 42.Bb3 Qa5+ 43.Kb1 Qa3 44.Rf8+ Qxf8 0-1

[Event "Elite Hotels Open 2015"]
[Site "Elite Stadshotellet, Vaxjo"]
[Date "2015.02.13"]
[Round "4.26"]
[White "Agrest, Inna"]
[Black "Rishovd, Svein"]
[Result "1-0"]
[WhiteElo "2174"]
[BlackElo "2010"]

1.e4 d5 2.exd5 Qxd5 3.Nc3 Qa5 4.Nf3 Nf6 5.Bc4 Bf5 6.d4 e6 7.O-O c6 8.Re1 
Be7 9.Ne5 Nbd7 10.Bb3 Rd8 11.Qf3 O-O 12.Nc4 Qa6 13.Bf4 Nb6 14.Ne3 Bg6 15.
Be5 Nbd5 16.a4 b6 17.Nc4 Rfe8 18.h3 Qb7 19.a5 b5 20.a6 Qc8 21.Nd2 Nxc3 22.
bxc3 c5 23.c4 b4 24.Ba4 Nd7 25.Nb3 cxd4 26.Bxd4 Nc5 27.Bxc5 Bxc5 28.Bxe8 
Rxe8 29.c3 bxc3 30.Qxc3 Qc7 31.Nxc5 Qxc5 32.Ra5 Qc7 33.c5 Rd8 34.c6 Rd6 
35.Rc5 h6 36.Rc1 Be4 37.Qc4 Bd3 38.Qa2 Be4 39.Qa4 Bd5 40.Qb5 Kh7 41.Qb7 
Qb6 42.Qxb6 axb6 43.c7 bxc5 44.c8=Q Rc6 45.Qf8 Rxa6 46.Qxf7 c4 47.Qd7 Rb6 
48.Qd8 Rb7 49.Rc3 Rf7 50.Rg3 Rf6 51.Qe7 Rg6 52.Rxg6 Kxg6 53.f3 c3 54.Qc5 
Kf6 55.Qxc3+ Kg6 56.Kf2 Kf7 57.Ke3 g6 58.g4 h5 59.gxh5 gxh5 60.Qh8 Kg6 61.
h4 Bc4 62.Qg8+ Kf6 63.Qg5+ 1-0

[Event "Elite Hotels Open 2015"]
[Site "Elite Stadshotellet, Vaxjo"]
[Date "2015.02.13"]
[Round "4.27"]
[White "Olsson, Lars F"]
[Black "Eriksson, Kristian"]
[Result "1/2-1/2"]
[WhiteElo "2002"]
[BlackElo "2153"]

1.c4 e5 2.Nc3 Bb4 3.Nf3 Bxc3 4.bxc3 d6 5.d4 Nd7 6.e4 Ngf6 7.Bd3 O-O 8.O-O 
h6 9.h3 Re8 10.Re1 b6 11.Nh4 Nf8 12.Nf5 Bxf5 13.exf5 e4 14.Bc2 d5 15.cxd5 
Qxd5 16.g4 N8h7 17.Bf4 c6 18.Qd2 1/2-1/2